The wise man's fear / (Post nr. 8158)

MARC-detaljer
000 -LEADER
fixed length control field 00661cam a22002177a 4500
001 - CONTROL NUMBER
control field 59131
005 - DATE AND TIME OF LATEST TRANSACTION
control field 20200226102622.0
008 - FIXED-LENGTH DATA ELEMENTS--GENERAL INFORMATION
fixed length control field 141106s2012 xxk|||| |00| 1 eng c
020 ## - INTERNATIONAL STANDARD BOOK NUMBER
International Standard Book Number 9780575081437
035 ## - SYSTEM CONTROL NUMBER
System control number (BOKR)9780575081437
035 ## - SYSTEM CONTROL NUMBER
System control number (SE-LIBR)17118760
082 04 - DEWEY DECIMAL CLASSIFICATION NUMBER
Classification number 823
Edition number 22 (machine generated)
084 ## - OTHER CLASSIFICATION NUMBER
Classification number He.01
Number source kssb/8
100 1# - MAIN ENTRY--PERSONAL NAME
Personal name Rothfuss, Patrick,
Dates associated with a name 1973-
Authority record control number or standard number 348382
245 14 - TITLE STATEMENT
Title The wise man's fear /
Statement of responsibility, etc. Patrick Rothfuss
260 ## - PUBLICATION, DISTRIBUTION, ETC.
Place of publication, distribution, etc. London :
Name of publisher, distributor, etc. Gollancz,
Date of publication, distribution, etc. 2012
300 ## - PHYSICAL DESCRIPTION
Extent 993 s. ;
Dimensions 20 cm
490 0# - SERIES STATEMENT
Series statement The kingkiller chronicle ;
Volume/sequential designation day two
588 ## - SOURCE OF DESCRIPTION NOTE
Source of description note BOKR: Ursprungligen utgiven av Orion publishing co
655 ## - INDEX TERM--GENRE/FORM
Genre/form data or focus term Pocketbc̲ker

Inga exemplar finns tillgängliga.

Medicinska biblioteket, Karlskoga lasarett
Måndag och onsdag: 10.00-14.30, Lunchstängt 11.30-12.00.
Fredagar: 10.00-12.00.

Madelene Ribbing, bibliotekarie
Lena Mileraux, biblioteksassistent/administratör
0586-664 49
medbibl.kgalas@regionorebrolan.se




Medicinska biblioteket, Lindesbergs lasarett
Dörren till bibliotket är upplåst mellan 07-16:00 på vardagar.
Dörren i hisshallen är öppen måndag - tosdag 7.00 - 15.00. Fredagar stängt.

Bibliotekets bemanning:
Mån: självbetjäning
Tis, ons och tors: 10-15
Fre: självbetjäning

Madelene Ribbing, bibliotekarie
Telefon: 0581-853 11, 072-14 77 552
medbibl.lbglas@regionorebrolan.se